Introducción a los estudios sobre el discurso

שמור ב:
מידע ביבליוגרפי
מחבר ראשי: Renkema, Jan (Author)
פורמט: ספר
שפה:ספרדית
יצא לאור: Barcelona Gedisa 1999
סדרה:Colección Linguística y Análisis del Discurso
נושאים:
תגים: הוספת תג
אין תגיות, היה/י הראשונ/ה לתייג את הרשומה!

MARC

LEADER 00000nam a2200000 a 4500
001 UCO2433
003 CL-VaPUC
008 000602e19990000SP |||||||||||||||||spa|d
082 0 4 |a 808.5  |b REN  |2 21 
100 |a Renkema, Jan  |e author  |9 605089 
245 1 0 |a Introducción a los estudios sobre el discurso 
300 |a 285 p 
942 |c BK 
945 |d 20000602 00:00:00  |a rbrito 
260 |a Barcelona  |b Gedisa  |c 1999 
650 0 |a Análisis del discurso  |9 256696 
650 0 |a Oratoria  |9 307605 
650 0 |a Comunicación verbal  |9 348502 
583 |a last modification  |c 20180322 13:02:23  |k Rodrigo Vera 
490 0 |a Colección Linguística y Análisis del Discurso 
999 |c 288945  |d 288943 
952 |0 0  |1 0  |4 0  |6 808_500000000000000_REN_1999  |7 0  |8 A  |9 336955  |a BIBEDU  |b BIBEDU  |d 2019-11-20  |i 385714K  |l 1  |m 1  |o 808.5 REN 1999  |p 385714K  |r 2022-09-07  |s 2022-08-26  |w 2019-11-20  |y BK  |k PSI 
952 |0 0  |1 0  |4 0  |6 808_500000000000000_REN_1999  |7 0  |8 A  |9 336956  |a BIBEDU  |b BIBEDU  |d 2019-11-20  |i 3902161  |o 808.5 REN 1999  |p 3902161  |r 2019-11-20  |w 2019-11-20  |y BK  |k PSI